[Event "AUTO-OPEN-2019"]
[Site "http://www.queenalice.com/game.php?id=840490"]
[Date "2010.10.1"]
[Round "2"]
[White "Rubens2009"]
[Black "Carotino"]
[Result "0-1"]
[WhiteElo "1872"]
[BlackElo "2384"]

1. e4 e6 2. d4 d5 3. e5 c5 4. c3 Nc6 5. Be3 Nge7 6. Bb5 Qa5 7. Bxc6+ Nxc6 8. Ne2
cxd4 9. Bxd4 Nxd4 10. Nxd4 Qb6 11. Qd2 Be7 12. O-O Bd7 13. Nf3 h6 14. b3 O-O 15.
Qc2 Rac8 16. Nbd2 Qa5 17. c4 b5 18. Qd1 bxc4 19. bxc4 Bc6 20. Nb3 Qa6 21. cxd5
Bxd5 22. Nfd4 Bb4 23. a4 Rfd8 24. Rc1 Qxa4 25. Rb1 Bc3 26. Qh5 Bxd4 0-1

[Event "AUTO-OPEN-2019"]
[Site "http://www.queenalice.com/game.php?id=840491"]
[Date "2010.10.1"]
[Round "2"]
[White "Carotino"]
[Black "Rubens2009"]
[Result "1-0"]
[WhiteElo "2389"]
[BlackElo "1861"]

1. d4 d5 2. c4 dxc4 3. Nf3 e6 4. e3 b5 5. a4 Bb4+ 6. Bd2 Bxd2+ 7. Nbxd2 c6 8.
axb5 cxb5 9. b3 Ne7 10. bxc4 bxc4 11. Bxc4 O-O 12. O-O Bb7 13. Bd3 Ng6 14. Qb1
Bc6 15. Rc1 Bxf3 16. Nxf3 Nd7 17. Be4 Rb8 18. Qa2 a5 19. Qxa5 Qxa5 20. Rxa5 Nf6
21. Bxg6 hxg6 22. Ne5 Rb7 23. h4 Rfb8 24. Rca1 Rb2 25. Ra8 Kh7 26. Nxf7 Kg8 27.
Ng5 Ng4 28. Rxb8+ Rxb8 29. Nxe6 Kf7 30. Ng5+ Kg8 31. e4 Kf8 32. f3 Nf6 33. d5
Rb7 34. d6 Nd7 35. Ra8+ Rb8 36. Rxb8+ Nxb8 37. e5 Ke8 38. e6 Nc6 39. Kf2 1-0

[Event "AUTO-MASTER-1136"]
[Site "http://www.queenalice.com/game.php?id=853302"]
[Date "2010.11.1"]
[Round "2"]
[White "WeirdGoblin"]
[Black "Carotino"]
[Result "1-0"]
[WhiteElo "2262"]
[BlackElo "2345"]

1. e4 e6 2. d4 a6 3. Nf3 h6 4. Nc3 d6 5. Bd3 Ne7 6. O-O Nd7 7. Qe2 g6 8. Re1 Bg7
9. Be3 O-O 10. Qd2 Kh7 11. Rad1 f5 12. h3 b5 13. a3 1-0

[Event "AUTO-MASTER-1136"]
[Site "http://www.queenalice.com/game.php?id=853303"]
[Date "2010.11.1"]
[Round "2"]
[White "Carotino"]
[Black "WeirdGoblin"]
[Result "0-1"]
[WhiteElo "2360"]
[BlackElo "2247"]

1. d4 Nf6 2. c4 e6 3. Nf3 c5 4. d5 b5 5. dxe6 fxe6 6. cxb5 d5 7. Nc3 Bb7 8. Ng5
Qd6 9. Qd3 Nbd7 10. Qh3 d4 11. Nd1 Bd5 0-1

[Event "AUTO-MASTER-1136"]
[Site "http://www.queenalice.com/game.php?id=853304"]
[Date "2010.11.1"]
[Round "2"]
[White "ppeteleco"]
[Black "Carotino"]
[Result "1-0"]
[WhiteElo "2482"]
[BlackElo "2196"]

1. e4 g6 2. Nf3 Bg7 3. Bc4 h6 4. d4 d6 5. O-O e6 6. Nc3 a6 7. Be3 Ne7 8. Qd2 Nd7
9. Be2 b6 10. Ne1 Bb7 11. a3 f5 12. Bc4 1-0

[Event "AUTO-MASTER-1136"]
[Site "http://www.queenalice.com/game.php?id=853305"]
[Date "2010.11.1"]
[Round "2"]
[White "Carotino"]
[Black "ppeteleco"]
[Result "0-1"]
[WhiteElo "2193"]
[BlackElo "2484"]

1. a3 Nf6 2. d3 d5 3. g3 e5 4. Bg2 Be7 5. h3 O-O 6. Nd2 Nc6 7. e3 Be6 8. Ne2 Qd7
9. b3 Ne8 10. Bb2 a5 11. f4 Bc5 0-1

[Event "Challenge"]
[Site "http://www.queenalice.com/game.php?id=853728"]
[Date "2010.11.2"]
[Round "-"]
[White "linoprof"]
[Black "Carotino"]
[Result "1-0"]
[WhiteElo "1340"]
[BlackElo "2306"]

1. e4 h6 2. d4 e6 3. Nd2 a6 4. Ngf3 d6 5. Bd3 Ne7 6. O-O Nd7 7. Nc4 b5 8. Ne3
Bb7 9. a4 bxa4 10. Rxa4 g6 11. c3 Bg7 12. b4 O-O 13. Ng4 Kh7 14. Qd2 Ng8 15. h4
f5 16. exf5 exf5 17. Ngh2 Ngf6 18. Qa2 Re8 19. Bxa6 Nb6 20. Ra5 Rxa6 21. Rxa6
Bxa6 22. Qxa6 Qa8 23. Qd3 Qe4 24. Rd1 Qxd3 25. Rxd3 Ra8 26. Nf1 Ne4 27. Be3 Ra3
28. Bd2 Nd5 29. h5 gxh5 30. Ne1 Nxd2 31. Nxd2 1-0

[Event "Challenge"]
[Site "http://www.queenalice.com/game.php?id=853729"]
[Date "2010.11.2"]
[Round "-"]
[White "Carotino"]
[Black "linoprof"]
[Result "0-1"]
[WhiteElo "2283"]
[BlackElo "1370"]

1. h3 d5 2. e3 e5 3. Ne2 Nf6 4. a3 Bd6 5. d3 O-O 6. Nd2 c5 7. b3 Be6 8. Bb2 Nc6
9. g3 d4 10. e4 b5 11. Bg2 Qb8 12. O-O c4 13. bxc4 bxc4 14. Rb1 cxd3 15. cxd3
Ba2 16. Rc1 Qxb2 17. Rxc6 Qxa3 18. f4 Rac8 19. Rxc8 Rxc8 20. fxe5 Bxe5 21. Nf3
Nd7 22. Qa1 Bf6 23. Rc1 Rb8 24. Kh2 Qa4 25. Rc4 Qa6 26. Rc2 Bc4 27. Qxa6 Bxa6
28. Nexd4 Bxd3 29. Rc7 Ne5 30. Nxe5 Bxe5 31. Rxa7 h5 0-1

[Event "AUTO-MASTER-1106"]
[Site "http://www.queenalice.com/game.php?id=854936"]
[Date "2010.11.5"]
[Round "2"]
[White "Carotino"]
[Black "BrasCubas"]
[Result "0-1"]
[WhiteElo "2071"]
[BlackElo "2063"]

1. d4 Nf6 2. c4 c5 3. d5 b5 4. cxb5 a6 5. Nc3 g6 6. e4 d6 7. Nf3 Bg7 8. Bd3 O-O
9. O-O Nbd7 10. h3 Nb6 0-1

[Event "AUTO-MASTER-1151"]
[Site "http://www.queenalice.com/game.php?id=855064"]
[Date "2010.11.5"]
[Round "2"]
[White "ernesto_che"]
[Black "Carotino"]
[Result "1-0"]
[WhiteElo "2230"]
[BlackElo "2247"]

1. Nf3 b6 2. e4 Bb7 3. Nc3 h6 4. d4 e6 5. Bd3 d6 6. O-O Ne7 7. Re1 g6 8. d5 e5
9. Be3 Bg7 10. a4 f5 11. exf5 gxf5 12. Bc4 a6 13. Nh4 O-O 14. f4 Nd7 15. Nf3 Ng6
16. Qd2 exf4 17. Bxf4 Nxf4 18. Qxf4 Ne5 19. Nd4 Qg5 20. Ne6 1-0

[Event "AUTO-MASTER-1151"]
[Site "http://www.queenalice.com/game.php?id=855065"]
[Date "2010.11.5"]
[Round "2"]
[White "Carotino"]
[Black "ernesto_che"]
[Result "0-1"]
[WhiteElo "2260"]
[BlackElo "2217"]

1. h3 Nf6 2. b3 Nc6 3. Bb2 d5 4. e3 e5 5. Ne2 Be6 6. a3 d4 7. exd4 exd4 8. d3
Be7 9. g3 Bd5 10. Rg1 O-O 11. Bg2 Bxg2 12. Rxg2 Qd5 13. Kf1 Rfe8 14. Nd2 Qh5 15.
Nxd4 Qxh3 16. Nxc6 Qh1+ 17. Rg1 Qxc6 18. Rc1 Rad8 19. Qf3 Qxf3 20. Nxf3 h5 0-1

[Event "AUTO-MASTER-1151"]
[Site "http://www.queenalice.com/game.php?id=855066"]
[Date "2010.11.5"]
[Round "2"]
[White "pedrolopez"]
[Black "Carotino"]
[Result "1-0"]
[WhiteElo "2381"]
[BlackElo "2203"]

1. e4 e5 2. Nf3 Nc6 3. d4 exd4 4. Nxd4 Nf6 5. Nxc6 bxc6 6. e5 Nd5 7. c4 Nb6 8.
Bd3 d6 9. exd6 Bxd6 10. Be3 Nd7 11. Nc3 O-O 12. Qc2 g6 13. Be4 Bb7 14. O-O-O Qh4
15. g3 Qg4 16. h4 h5 17. f3 Qe6 18. g4 1-0

[Event "AUTO-MASTER-1151"]
[Site "http://www.queenalice.com/game.php?id=855067"]
[Date "2010.11.5"]
[Round "2"]
[White "Carotino"]
[Black "pedrolopez"]
[Result "0-1"]
[WhiteElo "2210"]
[BlackElo "2374"]

1. d4 Nf6 2. Nf3 e6 3. e3 b6 4. Nbd2 Bb7 5. Bd3 c5 6. O-O Nc6 7. c3 Qc7 8. Re1
Be7 9. e4 cxd4 10. Nxd4 d6 11. Nxc6 Bxc6 12. Nc4 Nd7 13. Qg4 b5 14. Na3 Ne5 15.
Qxg7 Kd7 0-1

[Event "AUTO-OPEN-2019"]
[Site "http://www.queenalice.com/game.php?id=856144"]
[Date "2010.11.7"]
[Round "3"]
[White "Carotino"]
[Black "chessman"]
[Result "0-1"]
[WhiteElo "2139"]
[BlackElo "2061"]

1. d4 d5 2. Nf3 c5 3. dxc5 e6 4. c4 Bxc5 5. cxd5 Nf6 6. Qc2 Bb4+ 7. Bd2 Bxd2+ 8.
Nbxd2 Nxd5 9. Qc5 b6 10. Qc2 O-O 11. e4 Nf6 12. e5 Nd5 13. Bc4 Bb7 14. O-O Qe7
15. Rac1 Na6 16. Bxd5 Bxd5 17. a3 Rfd8 18. b4 h6 19. h3 Qd7 20. Ne4 Qb7 21. Nd6
Qd7 22. Nd4 f6 0-1

[Event "AUTO-OPEN-2019"]
[Site "http://www.queenalice.com/game.php?id=856145"]
[Date "2010.11.7"]
[Round "3"]
[White "chessman"]
[Black "Carotino"]
[Result "1-0"]
[WhiteElo "2040"]
[BlackElo "2154"]

1. e4 e6 2. d3 d5 3. Nd2 e5 4. Ngf3 Nc6 5. g3 Nf6 6. Bg2 dxe4 7. dxe4 Bc5 8. O-O
O-O 9. Qe2 Qe7 10. Nb3 Bb6 11. Bg5 h6 12. Bxf6 Qxf6 13. c3 Be6 14. Rfd1 Rad8 15.
Rxd8 Rxd8 16. Rd1 Rxd1+ 17. Qxd1 Nb8 18. Qd3 a6 19. c4 Nc6 20. Nbd2 Qe7 21. b3
Qa3 22. Qc2 Nb4 23. Qc3 1-0

[Event "AUTO-MASTER-1091"]
[Site "http://www.queenalice.com/game.php?id=857472"]
[Date "2010.11.11"]
[Round "2"]
[White "Capivara"]
[Black "Carotino"]
[Result "1-0"]
[WhiteElo "2306"]
[BlackElo "2318"]

1. Nf3 g6 2. d4 Bg7 3. c4 d6 4. e4 Nd7 5. Nc3 h6 6. Be2 e6 7. Be3 Ne7 8. Qc2 a6
9. Rd1 O-O 10. O-O f5 11. e5 1-0

[Event "AUTO-MASTER-1091"]
[Site "http://www.queenalice.com/game.php?id=857474"]
[Date "2010.11.11"]
[Round "2"]
[White "valdiluis"]
[Black "Carotino"]
[Result "1-0"]
[WhiteElo "1996"]
[BlackElo "2171"]

1. f4 d6 2. Nf3 h6 3. e4 e6 4. Bc4 Ne7 5. O-O g6 6. f5 gxf5 7. exf5 Nxf5 8. d4
Rg8 9. c3 Qf6 10. Na3 a6 11. d5 1-0

[Event "AUTO-MASTER-1091"]
[Site "http://www.queenalice.com/game.php?id=857475"]
[Date "2010.11.11"]
[Round "2"]
[White "Carotino"]
[Black "valdiluis"]
[Result "0-1"]
[WhiteElo "2190"]
[BlackElo "1971"]

1. h3 c5 2. e3 d5 3. b3 Nf6 4. Bb2 Nc6 5. d3 e6 6. g3 Be7 7. Nd2 O-O 8. Ne2 b5
9. Bg2 Rb8 10. O-O Bd7 11. a4 bxa4 0-1